000 00639nam a22001817a 4500
003 BUBTL
008 190513b xxu||||| |||| 00| 0 eng d
020 _a984-70133-0124-8
082 _a954.925 / T7396e
100 _92332
_aত্রিবেদী, রবীন্দ্রনাথ
245 _a৭১ এর দশমাস /
_cরবীন্দ্রনাথ ত্রিবেদী
260 _aঢাকা :
_bকাকলী,
_cc1997
300 _a873 p. :
_c22 cm.
650 0 _91689
_aবাংলা সাহিত্য
856 _k0
_l0
_yDownload
942 _2ddc
_cBK
999 _c6060
_d6060